000 00835nam a2200217 a 4500
003 0
005 20250324161337.0
008 060728s19uu xx 00 eng d
050 _aPGS HG 179.A44
_b.An597 2006
100 _aAniciete, Marc Polly.
245 _aA study on the specific allocation of grade six students with big allowance /
_cMarc Polly Aniciete.
260 _aLas PiƱas City, Philippines :
_bSouthville International School and Colleges,
_c2006.
300 _a38 pages :
_billustrations ;
_c28 cm.
504 _aIncludes bibliographical references.
650 _aChildren
_vEconomic conditions.
650 _aChildren
_vFinance, Personal.
650 _aMoney
_vPsychological aspects.
650 _aSaving and investment
_vChildren.
650 _aStudent allowances
_vSpending patterns.
942 _2lcc
_cPASS
999 _c97454
_d97454